El proceso de la creación artística.

محفوظ في:
التفاصيل البيبلوغرافية
المؤلف الرئيسي: Arteche, Miguel (autor)
التنسيق: كتاب
منشور في: Santiago, Chile: Universidad Nacional Andrés Bello; RIL Editores, 1999.
الطبعة:Segunda edición.
الموضوعات:
الوسوم: إضافة وسم
لا توجد وسوم, كن أول من يضع وسما على هذه التسجيلة!

MARC

LEADER 00000nam a22000007a 4500
003 CL-VaPUC
005 20250321101935.0
008 250127t1999 ||||| |||| 00| 0 eng d
999 |c 446845  |d 446843 
020 |a 956-284-085-9 
040 |c Pontificia Universidad Católica de Valparaíso 
082 |a 700.19 ART 1999 
100 |9 319016  |a Arteche, Miguel  |e autor 
245 |a El proceso de la creación artística. 
250 |a Segunda edición. 
260 |a Santiago, Chile:  |b Universidad Nacional Andrés Bello;  |b RIL Editores,  |c 1999. 
300 |a 167 páginas. 
500 |a c.1-c.2. Instituto Arcos.08-01-2025. 
583 |c 20250127  |k Gabriela Rodríguez Cuevas 
650 0 |9 266215  |a Creación artística   |x Testimonios y reseñas  |z Chile 
650 0 |a Artistas   |x Creatividad  |9 895912 
942 |2 ddc  |c BK  |n 0 
952 |0 0  |1 0  |2 ddc  |4 0  |6 700_190000000000000_ART_1999  |7 0  |9 600010  |a BIBINC  |b BIBINC  |c GEN  |d 2025-01-27  |e Instituto Arcos  |i 5664838  |l 1  |o 700.19 ART 1999  |p 5664838  |q 2025-04-30  |r 2025-04-23  |s 2025-04-23  |t 1  |w 2025-01-27  |y BK  |k IFP 
952 |0 0  |1 0  |2 ddc  |4 0  |6 700_190000000000000_ART_1999  |7 0  |9 600011  |a BIBINC  |b BIBINC  |c GEN  |d 2025-01-27  |e Instituto Arcos  |i 5664839  |o 700.19 ART 1999  |p 5664839  |r 2025-01-27  |t 2  |w 2025-01-27  |y BK  |k IFP